000 00306nam a22001337a 4500
020 _a9781848311817
082 _a306
_bSAR
100 _aSardar,Ziauddin
245 _aIntroducing cultural studies, a graphic guide
260 _aUK:
_c2013.
300 _a173p. :
563 _aPB
942 _2ddc
_cBK
999 _c614614
_d614614